'B' Blitz Quiz Stats

Quiz Updated Nov 16, 2017

Also try: 'C' Blitz
Challenge
Share
Tweet
Embed
Score 0/40 Timer 04:00
2 Plays Today
Category Answer % Correct
Rainbow ColorBlue
95.7%
Olympic Medal ColorBronze
91.4%
Flintstone CharacterBetty
88.4%
BLT FillingBacon
88.4%
Borough of New York Brooklyn
84.6%
Santa's ReindeerBlitzen
81.8%
South American CountryBolivia
79.2%
ElementBromine
78.9%
Chess PieceBishop
77.9%
Male Voice TypeBaritone
76.3%
Olympic SportBoxing
74.5%
European CountryBelgium
72.7%
Disney DwarfBashful
70%
US PresidentBuchanan
68.6%
Section of an OrchestraBrass
65.8%
British Prime MinisterBlair
64.2%
North American CountryBahamas
64.1%
Monopoly PropertyBoardwalk
62.1%
African CountryBenin
61.5%
US State CapitalBoston
60.7%
Category Answer % Correct
Andy's toys (Toy Story 1-3)Bullseye
60.6%
Asian CountryBangladesh
57.2%
Friends Character's SurnameBing
56.7%
Olympic CityBarcelona
55%
Hobbit Fellowship SurnameBaggins
49.7%
James Bond ActorBrosnan
46.7%
Punctuation MarkBrackets
45.3%
Brady Bunch MemberBobby
44.4%
Wimbledon WinnerBjörn Borg
44.3%
NFC Team NameBears
39.7%
Australian CityBrisbane
35.9%
Wonka Kid SurnameBeauregarde
30.7%
Harry Potter ProfessorBinns
30.1%
Military RankBrigadier
25.4%
Tim Burton MovieBeetlejuice
24.9%
DiscipleBartholomew
20.8%
Original X-ManBeast
20.7%
Beatles SongBlackbird
17.9%
Oscar Best MovieBraveheart
14.2%
Original Premier League TeamBlackburn Rovers
14.2%

You're not logged in!

Compare scores with friends on all Sporcle quizzes.
Sign Up with Email
OR
Log In

You Might Also Like...

Show Comments

Extras

Top Quizzes Today


Score Distribution

Your Account Isn't Verified!

In order to create a playlist on Sporcle, you need to verify the email address you used during registration. Go to your Sporcle Settings to finish the process.